Earthquake resistant design of building structures / (Record no. 30932)
[ view plain ]
| 000 -LEADER | |
|---|---|
| fixed length control field | 01279cam a22003377a 4500 |
| 001 - CONTROL NUMBER | |
| control field | 13896619 |
| 003 - CONTROL NUMBER IDENTIFIER | |
| control field | EG-ScBUE |
| 005 - DATE AND TIME OF LATEST TRANSACTION | |
| control field | 20250226102712.0 |
| 008 - FIXED-LENGTH DATA ELEMENTS--GENERAL INFORMATION | |
| fixed length control field | 050311t2013 ii a f bd 001 0 eng d |
| 020 ## - INTERNATIONAL STANDARD BOOK NUMBER | |
| International Standard Book Number | 9788126538591 |
| 035 ## - SYSTEM CONTROL NUMBER | |
| System control number | (OCoLC)ocm57659687 |
| 040 ## - CATALOGING SOURCE | |
| Original cataloging agency | IUA |
| Language of cataloging | eng |
| Description conventions | rda |
| Transcribing agency | IUA |
| Modifying agency | DLC |
| -- | EG-ScBUE |
| 082 04 - DEWEY DECIMAL CLASSIFICATION NUMBER | |
| Classification number | 693.85 |
| Edition number | 22 |
| Item number | HOS |
| 100 1# - MAIN ENTRY--PERSONAL NAME | |
| Personal name | Hosur, Vinod, |
| Relator term | author. |
| 9 (RLIN) | 12365 |
| 245 10 - TITLE STATEMENT | |
| Title | Earthquake resistant design of building structures / |
| Statement of responsibility, etc | Dr. Vinod Hosur professor, Department of Civil Engineering Gogte Institute of Technology, Belgoum, Karnataka. |
| 264 #1 - PUBLICATION, DISTRIBUTION, ETC. (IMPRINT) | |
| Place of publication, distribution, etc | New Delhi : |
| Name of publisher, distributor, etc | Wiley India Pvt, Ltd, |
| Date of publication, distribution, etc | [2013] |
| 264 #4 - PUBLICATION, DISTRIBUTION, ETC. (IMPRINT) | |
| Date of publication, distribution, etc | c2013 |
| 300 ## - PHYSICAL DESCRIPTION | |
| Extent | xi, 276 pages : |
| Other physical details | illustrations ; |
| Dimensions | 27 cm. |
| 490 0# - SERIES STATEMENT | |
| Series statement | Wiley precise textbook |
| 500 ## - GENERAL NOTE | |
| General note | Includes glossary.<br/> |
| 504 ## - BIBLIOGRAPHY, ETC. NOTE | |
| Bibliography, etc | Includes bibliographical references and index. |
| 650 #7 - SUBJECT ADDED ENTRY--TOPICAL TERM | |
| Topical term or geographic name as entry element | Structural design. |
| Source of heading or term | BUEsh |
| 9 (RLIN) | 12366 |
| 650 #7 - SUBJECT ADDED ENTRY--TOPICAL TERM | |
| Topical term or geographic name as entry element | Structural analysis (Engineering) |
| Source of heading or term | BUEsh |
| 9 (RLIN) | 12367 |
| 650 #7 - SUBJECT ADDED ENTRY--TOPICAL TERM | |
| Topical term or geographic name as entry element | Earthquake resistant design. |
| Source of heading or term | BUEsh |
| 9 (RLIN) | 12368 |
| 650 #7 - SUBJECT ADDED ENTRY--TOPICAL TERM | |
| Topical term or geographic name as entry element | Wind resistant design. |
| Source of heading or term | BUEsh |
| 9 (RLIN) | 12369 |
| 653 ## - INDEX TERM--UNCONTROLLED | |
| Arrived date list | February2025 |
| Resource For college | Engineering, Civil |
| 655 ## - INDEX TERM--GENRE/FORM | |
| Form subdivision | Reading book |
| 856 42 - ELECTRONIC LOCATION AND ACCESS | |
| Materials specified | Publisher description |
| Uniform Resource Identifier | <a href="http://www.loc.gov/catdir/enhancements/fy0648/2005295927-d.html">http://www.loc.gov/catdir/enhancements/fy0648/2005295927-d.html</a> |
| 942 ## - ADDED ENTRY ELEMENTS (KOHA) | |
| Source of classification or shelving scheme | Dewey Decimal Classification |
| Koha item type | NB - Book (Non borrowing) |
| Withdrawn status | Lost status | Source of classification or shelving scheme | Damaged status | Not for loan | Collection code | Home library | Current library | Shelving location | Date acquired | Source of acquisition | Cost, normal purchase price | Serial Enumeration / chronology | Total Checkouts | Total Renewals | Full call number | Barcode | Date last seen | Date checked out | Cost, replacement price | Price effective from | Koha item type |
|---|---|---|---|---|---|---|---|---|---|---|---|---|---|---|---|---|---|---|---|---|---|
| Dewey Decimal Classification | Baccah | Central Library | Central Library | First floor | 26/02/2025 | Purchase | 484.00 | 39021 | 1 | 1 | 693.85 HOS | 000057296 | 23/10/2025 | 16/10/2025 | 605.00 | 26/02/2025 | NB - Book (Non borrowing) |